01183nam a22001097a 4500008004100000100001900041245006400060260003200124300003300156520085200189773003201041260427b ||||| |||| 00| 0 eng d a Sebastian, V. aClassical languages and the ideology of class and privilege aEconomic & Political Weekly a61(7), Feb 14, 2026: p.66-74 aThe decision by the union government in 2004 to create a new category called the “classical language” tends to privilege a handful of Indian languages over numerous others. Constituting some languages as classical entails cultural marginalisation of other languages since it involves the creation of hierarchies, prestige, privilege and cultural inequalities. Often overlooked in discussions about the classical is the ideological framework within which it functions. Hidden within the classical—so apparent yet so concealed—is the category of class and caste as a definite material basis. This ideology has not received the attention it deserves in the discussions on the classical language status in the wider public sphere.-Reproduced https://www.epw.in/journal/2026/7/special-articles/classical-languages-and-ideology-class-and.html  aEconomic & Political Weekly